000
00305nam a22001337a 4500
008
180927b xxu||||| |||| 00| 0 eng d
020
_a
723812788286
041
_a
eng
080
_a
330
100
_a
52
101
_a
MBE
245
_a
Econometric Analysis of Panel Data
_c
Baltagi, B.H
942
_2
udc
_c
BK
999
_c
48581
_d
48581